000 00273nam a22001217a 4500
008 170323b xxu||||| |||| 00| 0 eng d
041 _aeng
080 _a616.9
100 _a8
101 _aSHM
245 _aINFECTIOOUS DISEASES OF WILD MAMALS
_cDAVIS.J.W
942 _2udc
_cBK
999 _c8425
_d8425